000 01129nam a22003017a 4500
999 _c64093
_d64093
005 20240530110714.0
008 180213s2016 ua a g 000 0 ara d
017 _a2015/21016
_bمصر. دار الكتب
020 _a9789772121735
040 _aEG-CaGPL
_cEG-CaGPL
082 0 4 _221
_a306.2/
_bهـ س
100 0 _aهشام محمود الاقداحى
245 1 2 _aالسياسة والمجتمع :
_bدراسة فى علم اجتماع السياسة /
_cهشام محمود الاقداحى .
250 _aط. 1
260 _aالقاهرة :
_bمؤسسة شباب الجامعة ،
_c2016.
300 _a373 ص. ؛
_c24 سم.
650 0 7 _2qrmak
_aالتفكير
650 0 7 _2qrmak
_aالحركات الاجتماعية
650 0 7 _2qrmak
_aالدولة
650 0 7 _2qrmak
_aالديمقراطية
650 0 7 _2qrmak
_aعلم الاجتماع السياسى
650 0 7 _2qrmak
_aالسياسة ، علم
650 0 7 _2qrmak
_aالمجتمع السياسى
650 0 7 _2qrmak
_aالاجتماع ، علم
651 _2qrmak
942 _2ddc
_cBK